000 01315nam a2200385 i 4500
001 12044
003 KOSZ 005
005 20221229132413.0
008 070916s1969 pl a f 000 0 pol
015 _aPB 1969/9157
040 _aWA N
_cWA N
_dKOSZ 005/RW
_dKOSZ 005/HR
080 _a621
080 _a658.56
100 1 _aGula, Mieczysław
_eAutor
245 1 0 _aGospodarka materiałowa /
_cMieczyslaw Gula.
250 _aWyd. 2 popr. i uzup.
260 _aWarszawa :
_bWydawnictwa Naukowo-Techniczne,
_c1969.
300 _a151, [1] s., [3] k. tabl. :
_bil., err. ;
_c23 cm.
336 _2rdacontent
_aTekst
_btxt
337 _2rdamedia
_aBez urządzenia pośredniczącego
_bn
338 _2rdacarrier
_aWolumin
_bnc
380 _aKsiążki
388 _a1901-2000
388 _a1945-1989
490 1 _aBiblioteka Organizatora Produkcji.
504 _aBibliogr. s. 151-[152].
650 4 _aGospodarka materiałowa
650 4 _aMaszyny przepływowe
658 _aInżynieria i technika
658 _aZarządzanie i marketing
710 2 _aWydawnictwa Naukowo-Techniczne
_4pbl.
830 0 _aBiblioteka Organizatora Produkcji
856 _uhttp://koha.tu.koszalin.pl/cgi-bin/koha/opac-detail.pl?biblionumber=12044
_yKatalog online BPK
942 _2UKD
_cKS
999 _c12044
_d12044